Metodický postup při odlišném způsobu splnění technických podmínek požární ochrany

Salvato in:
Dettagli Bibliografici
Autore principale: Kučera, Petr (Autore)
Natura: Libro
Lingua:ceco
Pubblicazione: Ostrava SPBI 2008
Edizione:1. vyd.
Serie:Spektrum 56.
Soggetti:
Tags: Aggiungi Tag
Nessun Tag, puoi essere il primo ad aggiungerne!!

MARC

LEADER 00000nam a22000003a 4500
001 0029351
003 SK-STU
005 20171221112006.0
007 ta
008 171221s ----xo-----e------000-0-----d
020 |a 978-80-7385-044-9 
040 |a STU  |b slo 
041 0 |a cze 
044 |a xr 
100 1 |a Kučera, Petr  |4 aut 
245 1 0 |a Metodický postup při odlišném způsobu splnění technických podmínek požární ochrany  |c a kol. 
250 |a 1. vyd. 
260 |a Ostrava  |b SPBI  |c 2008 
300 |a 201 s. 
490 0 |a Spektrum  |v 56. 
650 0 7 |a požiarna ochrana 
996 |b 284M087498  |c M* 14034-1  |l MMKN  |s A  |a 24  |w 0029351_0001